Modernizácia procesu výučby predmetu Financie a mena záverečná správa z riešenia projektu Tatra banky č. 10vs046
Salvato in:
| Autore principale: | |
|---|---|
| Natura: | Libro |
| Lingua: | slovacco |
| Pubblicazione: |
Košice
2011
|
| Soggetti: | |
| Tags: |
Nessun Tag, puoi essere il primo ad aggiungerne!!
|
MARC
| LEADER | 00000nam a2200000 4500 | ||
|---|---|---|---|
| 001 | 0163009 | ||
| 005 | 20240711092116.3 | ||
| 041 | 0 | |a slo | |
| 044 | |a SK | ||
| 245 | 1 | 0 | |a Modernizácia procesu výučby predmetu Financie a mena |b záverečná správa z riešenia projektu Tatra banky č. 10vs046 |c Eva Kafková |
| 264 | 1 | |a Košice |c 2011 | |
| 300 | |a 3 s. | ||
| 610 | 2 | 0 | |a vyučovanie |
| 610 | 2 | 0 | |a pedagogika |
| 100 | 1 | |a Kafková, Eva | |